000 00781nam a2200241 4500
001 49787
003 BD-RjUL
005 20211209054729.0
008 160822s19541951nyuab b 001 0 eng
035 _a(BD-RjUL)49907
040 _aDLC
_cGAT
_dOCoLC
_dBD-RjUL
_beng
041 _aeng
082 _a352.160973
_223
_bMAA 1954
100 1 _aMacdonald, Austin F.
_q(Austin Faulks),
_d1898-
_9149242
245 1 0 _aAmerican city government and administration /
_cAustin F. Macdonald
250 _a5th ed.
260 _aNew York :
_bCrowell,
_c1951 [reprinting 1954]
300 _axvi, 699 p. :
_bill. ;
_c 24 cm.
504 _aIncludes bibliographies.
650 0 _aMunicipal government
_zUnited States.
_9148356
650 0 _aCities and towns
_zUnited States.
_9142485
942 _2ddc
_cBK
999 _c49787
_d49787